000 00431pab a2200157 454500
008 180718b1996 xxu||||| |||| 00| 0 eng d
100 _aSrivastava, Sanjay
245 _aModernity and post-coloniality
_bthe metropolis and metaphor.
260 _c1996
300 _ap.403-12
362 _a17 Feb
650 _aCities and towns - India
650 _aUrban development
773 _aEconomic and Political Weekly
909 _a30649
999 _c30649
_d30649